000 00814nam a2200253Ia 4500
003 OSt
005 20220923225540.0
006 a|||||r|||| 00| 0
007 ta
008 220922b |||||||| |||| 00| 0 mal d
024 _a270,924
037 _cTextual
040 _aARTS
_cARTS
_bmal
041 _2mal
_amal
082 _aO32,1N01x, 152K6
100 _aकुरूप, जी. शंकर
245 0 _aओटक्कुष़ल्
246 _aOṭakkuṣha़l
260 _aकलकता
_b भारतीय ज्ञानपीठ प्रकाशन
_c1966
300 _a373पृ0
_ccm.
650 _aमलयालम साहित्य
_9156264
942 _hO32,1N01x, 152K6
_cTEXL
_2CC
999 _c379021
_d379021